Normal view
MARC view
- MURRAY, RAYMOND L
Entry Personal Name
001 - CONTROL NUMBER
- control field: 58469
003 - CONTROL NUMBER IDENTIFIER
- control field: NUST
005 - DATE AND TIME OF LATEST TRANSACTION
- control field: 20210628202141.0
008 - FIXED-LENGTH DATA ELEMENTS
- fixed length control field: 210628|| aca||aabn | a|a d
040 ## - CATALOGING SOURCE
- Original cataloging agency: NUST
- Transcribing agency: NUST
100 ## - HEADING--PERSONAL NAME
- Personal name: MURRAY, RAYMOND L
670 ## - SOURCE DATA FOUND
- Source citation: Work cat.: (NUST): MURRAY, RAYMOND L, NUCLEAR ENERGY, AN INTRODUCTION TO THE CONCEPTS, SYSTEMS AND APPLICATIONS OF NUCLEAR PROCESSES, 2001
